Cartoon Character by Mouth Quiz Stats

Quiz Updated Dec 12, 2012

Also try: Eye Spy Disney
Challenge
Share
Tweet
Score 0/20 Timer 02:00
8 Plays Today
Number Character % Correct
Pink Panther
96.9%
Bugs Bunny
96.4%
Mickey Mouse
93%
Tigger
92.1%
Popeye
91.6%
Scooby Doo
91.2%
Donald Duck
90.3%
Goofy
90.2%
Pluto
89.3%
Tasmanian Devil
88.4%
Number Character % Correct
Yogi Bear
81.7%
Sylvester
80.2%
Clifford the Big Red Dog
77.5%
Fred Flintstone
75.9%
Wile E. Coyote
71.5%
Bullwinkle
66.5%
Homer Simpson
64.9%
Chuckie Finster
55.7%
Woody Woodpecker
53.4%
Felix the Cat
25.1%

You're not logged in!

Compare scores with friends on all Sporcle quizzes.
Join for Free
OR
Log In

You Might Also Like...

Show Comments

Extras

Top Quizzes Today


Score Distribution

Your Account Isn't Verified!

In order to create a playlist on Sporcle, you need to verify the email address you used during registration. Go to your Sporcle Settings to finish the process.

Report this User

Report this user for behavior that violates our Community Guidelines.

Details: